书目信息 |
| 题名: |
控制论的哲学原理
|
|
| 作者: | 茹科夫 著 ;徐世京 译 | |
| 分册: | ||
| 出版信息: | 上海 上海译文出版社 1981.4 |
|
| 页数: | 239页 | |
| 开本: | 19cm | |
| 丛书名: | ||
| 单 册: | ||
| 中图分类: | O23 | |
| 科图分类: | ||
| 主题词: | 控制论--数学理论 , 信息论--数学理论 | |
| 电子资源: | ||
| ISBN: | ||
| 000 | 00611nam0 2200217 45 | |
| 001 | 0305090966 | |
| 005 | 20060728112021.64 | |
| 010 | @dCNY0.62 | |
| 091 | @a2188.5 | |
| 100 | @a20030509d1981 km y0chiy0120 ea | |
| 101 | 0 | @arus |
| 200 | 1 | @a控制论的哲学原理@AKong Zhi Lun De Zhe Xue Yuan Li@f(苏)尼·伊·茹科夫著@F(Su)Ni·Yi·Ru Ke Fu Zhu@g徐世京译 |
| 210 | @a上海@c上海译文出版社@d1981.4 | |
| 215 | @a239页@d19cm | |
| 606 | 0 | @a控制论@x数学理论 |
| 606 | 0 | @a信息论@x数学理论 |
| 690 | @aO23@v3 | |
| 701 | 0 | @a茹科夫@4著 |
| 702 | 0 | @a徐世京@AXu Shi Jing@4译 |
| 801 | @aCN@bTSTC@c20060728 | |
| 905 | @dO23@e12 | |
| 控制论的哲学原理/(苏)尼·伊·茹科夫著/徐世京译.-上海:上海译文出版社,1981.4 |
| 239页;19cm |
| ISBN :CNY0.62 |
| ● |
| 相关链接 |
|
|
|
|
正题名:控制论的哲学原理
索取号:O23/12
 
预约/预借
| 序号 | 登录号 | 条形码 | 馆藏地/架位号 | 状态 | 备注 |
| 1 | 0220463 | 001936329 | 第三借阅区/ [索取号:O23/12] | 在馆 | |
| 2 | 0220464 | 001444565 | 第三借阅区/ [索取号:O23/12] | 在馆 | |
| 3 | 0220465 | 202100065 | 第二样本阅览室/ [索取号:O23/12] | 在馆 | |
| 4 | 0231013 | 001789087 | 密集书库/ [索取号:O23/12] | 在馆 | |
| 5 | 0231014 | 001789041 | 密集书库/ [索取号:O23/12] | 在馆 | |
| 6 | 0231015 | 001789121 | 密集书库/ [索取号:O23/12] | 在馆 | |
| 7 | 0425512 | 204255126 | 密集书库/ [索取号:O23/12] | 在馆 | |
| 8 | 0442590 | 204425906 | 密集书库/ [索取号:O23/12] | 在馆 |